[Event "HZ Open"]
[Site "Vlissingen NED"]
[Date "2006.08.12"]
[Round "9"]
[White "Grooten,H"]
[Black "Sonder,P"]
[Result "1-0"]
[WhiteElo "2362"]
[BlackElo "2107"]
[EventDate "2006.08.05"]

1. d4 Nf6 2. c4 g6 3. Nc3 Bg7 4. e4 d6 5. Be2 O-O 6. Nf3 Nbd7 7. Bg5 e5 8.
d5 h6 9. Bh4 a5 10. Nd2 Nc5 11. g4 Qd7 12. f3 Ne8 13. Bf2 Qe7 14. h4 Bd7
15. h5 Bf6 16. hxg6 Bg5 17. gxf7+ Rxf7 18. Qc2 Nf6 19. O-O-O Nh7 20. Kb1
Nf8 21. Nf1 a4 22. Ng3 Na6 23. Nf5 Bxf5 24. exf5 Nb4 25. Qe4 Nd7 26. c5 Na6
27. cxd6 cxd6 28. Qxa4 Rff8 29. Bxa6 Rxa6 30. Qb4 Nf6 31. Rhe1 Rc8 32. f4
Nxg4 33. fxg5 Nxf2 34. Rd2 Nh3 35. gxh6 Nf4 36. Qxf4 1-0

[Event "HZ Open"]
[Site "Vlissingen NED"]
[Date "2006.08.12"]
[Round "9"]
[White "Plukkel,S"]
[Black "Schlawin,M"]
[Result "0-1"]
[WhiteElo "2148"]
[BlackElo "2349"]
[EventDate "2006.08.05"]

1. e4 e6 2. d4 d5 3. e5 c5 4. c3 Nc6 5. Nf3 Bd7 6. a3 f6 7. b4 c4 8. Bf4
Qc7 9. Qd2 fxe5 10. Bxe5 Nxe5 11. Nxe5 Nf6 12. g3 a5 13. Ra2 Bd6 14. f4 Ne4
15. Qe2 Bxe5 16. Qh5+ g6 17. Qxe5 Qxe5 18. fxe5 axb4 19. cxb4 Ba4 20. Bg2
O-O 21. Rf1 Rxf1+ 22. Kxf1 Bb3 23. Ra1 Rf8+ 24. Ke1 Nf2 25. Bf1 Ng4 26. Bh3
Ne3 27. Bxe6+ Kg7 28. Kd2 Nc2 29. Bxd5 Rf2+ 30. Kc3 Nxa1 31. Nd2 b5 32. Bc6
Nc2 33. Ne4 Rf3+ 34. Kb2 Nxd4 0-1

[Event "HZ Open"]
[Site "Vlissingen NED"]
[Date "2006.08.12"]
[Round "9"]
[White "Mombiela Martinez,G"]
[Black "Afek,Y"]
[Result "0-1"]
[WhiteElo "2102"]
[BlackElo "2316"]
[EventDate "2006.08.05"]

1. e4 c5 2. Nc3 Nc6 3. f4 e6 4. Nf3 a6 5. g3 d5 6. d3 b5 7. Bd2 Bb7 8. Bg2
b4 9. Ne2 dxe4 10. dxe4 Qb6 11. Be3 Be7 12. Nd2 Rd8 13. Qc1 Nf6 14. h3 Nd4
15. Kf2 Nxe2 16. Kxe2 Qb5+ 17. Kf2 c4 18. Qf1 Rxd2+ 19. Bxd2 Nxe4+ 20. Bxe4
Bxe4 21. Be3 Bxh1 22. Qxh1 O-O 23. Qe4 Bf6 24. Bd4 Qf5 25. Re1 Bxd4+ 26.
Qxd4 Qxc2+ 27. Re2 Qc1 28. Re1 Qc2+ 29. Re2 Qf5 30. Qxc4 Qxh3 31. Qxa6 h5
32. Qb7 h4 33. Qg2 Qf5 34. Qe4 Qc5+ 35. Kg2 hxg3 36. Kxg3 Rd8 37. Qe3 Qd5
38. b3 Qd1 39. Re1 Qc2 40. Qf2 Rd2 41. Qa7 Qg6+ 0-1

[Event "HZ Open"]
[Site "Vlissingen NED"]
[Date "2006.08.12"]
[Round "9"]
[White "Swinkels,R"]
[Black "Serdijn,G"]
[Result "1-0"]
[WhiteElo "2286"]
[BlackElo "2098"]
[EventDate "2006.08.05"]

1. e4 a6 2. d4 b5 3. Nf3 Bb7 4. Bd3 Nf6 5. Nbd2 e6 6. O-O c5 7. dxc5 Bxc5
8. e5 Nd5 9. Ne4 Be7 10. a4 Nb4 11. Bg5 f6 12. exf6 gxf6 13. Ne5 O-O 14.
Bh6 f5 15. Qf3 Kh8 16. Qg3 Bf6 17. Nd6 1-0

[Event "HZ Open"]
[Site "Vlissingen NED"]
[Date "2006.08.12"]
[Round "9"]
[White "Westerweele,H"]
[Black "Sijpkens,M"]
[Result "1/2-1/2"]
[WhiteElo "2035"]
[BlackElo "2198"]
[EventDate "2006.08.05"]

1. e4 e5 2. Nf3 Nc6 3. d4 exd4 4. Bc4 Nf6 5. e5 d5 6. Bb5 Ne4 7. Nxd4 Bd7
8. Bxc6 bxc6 9. O-O Bc5 10. c3 O-O 11. f3 Ng5 12. f4 Ne4 13. Nd2 Nxd2 14.
Bxd2 f6 15. Qh5 fxe5 16. Qxe5 Re8 17. Qh5 Qf6 18. Kh1 Bxd4 19. cxd4 Rab8
20. Bc3 Re4 21. Qf3 Rf8 22. Kg1 Qd6 23. g3 Rfe8 24. Rfe1 c5 25. Rxe4 Rxe4
26. Rd1 Qg6 27. Qf2 c4 28. Re1 Bf5 29. Rxe4 Bxe4 30. Qe2 h5 31. Kf2 Qf5 32.
Ke1 Bd3 33. g4 Qxf4 34. Qe8+ Qf8 35. Qxf8+ Kxf8 36. gxh5 1/2-1/2

[Event "HZ Open"]
[Site "Vlissingen NED"]
[Date "2006.08.12"]
[Round "9"]
[White "Van Zutphen,J"]
[Black "Swinkels,J"]
[Result "1/2-1/2"]
[WhiteElo "2194"]
[BlackElo "2034"]
[EventDate "2006.08.05"]

1. d4 Nf6 2. c3 d5 3. Bg5 e6 4. e3 Be7 5. Bd3 c5 6. Nd2 Nc6 7. f4 b6 8.
Ngf3 Bb7 9. O-O O-O 10. Ne5 Nxe5 11. fxe5 Ne4 12. Bxe7 Qxe7 13. Bxe4 dxe4
14. Qg4 Kh8 15. Nxe4 f5 16. exf6 gxf6 17. Qh4 Rg8 18. Rf2 Rg6 19. Raf1 Rag8
20. g3 Qc7 21. Rxf6 Rg4 22. Rf7 Rxh4 23. Rxc7 Bxe4 24. dxc5 bxc5 25. Rxc5
Bf5 26. Ra5 Re4 27. Rxa7 Rxe3 28. Kf2 Rd3 29. a4 Rd2+ 30. Ke3 Rxb2 31. a5
Rc2 32. Kd4 Rd8+ 33. Ke5 Rxc3 34. a6 Rc5+ 35. Kf6 Rf8+ 36. Ke7 Kg8 37. Kd6
Rcc8 38. g4 Rfd8+ 39. Rd7 Bd3 40. Ra1 Rxd7+ 41. Kxd7 Ra8 42. a7 Bc4 43. Ra5
Bd5 44. Kd6 Kf7 45. h4 Kf6 46. Ra1 Kg6 47. Ke5 Kf7 48. Ra4 Ke7 49. Kf4 h6
50. Ke5 Rf8 51. Rb4 Ra8 52. Ra4 Kf7 53. Rf4+ Kg6 54. Ra4 h5 55. g5 Rf8 56.
Ra6 Ra8 1/2-1/2

[Event "HZ Open"]
[Site "Vlissingen NED"]
[Date "2006.08.12"]
[Round "9"]
[White "Arp,F"]
[Black "Haak,E"]
[Result "1/2-1/2"]
[WhiteElo "2054"]
[BlackElo "2189"]
[EventDate "2006.08.05"]

1. e4 e6 2. Nf3 d5 3. Nc3 Nf6 4. e5 Nfd7 5. d4 c5 6. Bg5 Qb6 7. dxc5 Nxc5
8. Bb5+ Bd7 9. Qe2 Nc6 10. O-O a6 11. Bxc6 bxc6 12. Rab1 a5 13. b3 Na6 14.
Na4 Qa7 15. Be3 c5 16. c3 Be7 17. Bg5 Bd8 18. Bxd8 Rxd8 19. Qe3 Bc6 20. Qg5
O-O 21. Qh4 d4 22. Ng5 h6 23. Ne4 Bxe4 24. Qxe4 Qc7 25. Rbd1 Qa7 26. Rd3
dxc3 27. Nxc3 Nb4 28. Rd6 Rxd6 29. exd6 Rd8 30. Rd1 Qb8 31. Qe5 Qb6 32. h4
Nc6 33. Qg3 Nd4 34. Kh2 Qxd6 35. Qxd6 Rxd6 36. Rc1 Nf5 37. Ne4 Rd4 38. f3
a4 39. Rxc5 axb3 40. axb3 Rb4 41. h5 Rxb3 42. Rc8+ Kh7 43. Rc7 Kg8 44. Rc8+
1/2-1/2

[Event "HZ Open"]
[Site "Vlissingen NED"]
[Date "2006.08.12"]
[Round "9"]
[White "Eng,A"]
[Black "Sprangers,R"]
[Result "1/2-1/2"]
[WhiteElo "1947"]
[BlackElo "2182"]
[EventDate "2006.08.05"]

1. c4 Nf6 2. Qc2 e5 3. e3 c6 4. b3 d5 5. Bb2 Bd6 6. d3 O-O 7. Nf3 Qe7 8.
Nbd2 Na6 9. a3 Nc7 10. Be2 h6 11. O-O Bf5 12. b4 Nce8 13. Rfe1 Bh7 14. Rad1
a5 15. c5 Bb8 16. e4 d4 17. Nc4 axb4 18. axb4 Nd7 19. Ra1 Rxa1 20. Bxa1 Kh8
21. Bf1 Ndf6 22. g3 Qe6 23. Bg2 Nd7 24. Na5 f5 25. Bh3 Qf7 26. Nh4 fxe4 27.
dxe4 Ndf6 28. Bg2 Ng4 29. Nf3 Ngf6 30. Bb2 Qd7 31. Nb3 d3 32. Qc4 Nxe4 33.
Nxe5 Bxe5 34. Bxe5 d2 35. Rd1 Nxf2 36. Rxd2 Qf5 37. Bd4 Nh3+ 38. Bxh3 Qxh3
39. Rf2 Rxf2 40. Bxf2 Bg8 41. Qe2 Nf6 42. Nd2 Bd5 43. Bd4 Ng4 44. Nf1 h5
45. Ne3 Nxe3 46. Bxe3 Qf5 47. Bf4 Kh7 48. Qe5 Qg4 49. Qe3 Qd1+ 50. Kf2 Qh1
51. h4 Bc4 52. Qe1 Qh2+ 53. Ke3 Qg2 54. Qf2 Qd5 55. Qc2+ 1/2-1/2

[Event "HZ Open"]
[Site "Vlissingen NED"]
[Date "2006.08.12"]
[Round "9"]
[White "Beeke,B"]
[Black "Schut,D"]
[Result "1-0"]
[WhiteElo "2166"]
[BlackElo "2016"]
[EventDate "2006.08.05"]

1. Nf3 Nf6 2. c4 g6 3. Nc3 c5 4. e4 d6 5. d4 cxd4 6. Nxd4 Bg7 7. Be2 Nc6 8.
Nc2 O-O 9. O-O a6 10. Be3 Bd7 11. Qd2 Qa5 12. f3 Rfc8 13. Rac1 Ne5 14. b3
b5 15. b4 Qc7 16. c5 Be6 17. Nd4 Bc4 18. f4 Neg4 19. cxd6 exd6 20. Bxc4
bxc4 21. Rce1 Nxe3 22. Rxe3 Qb6 23. Na4 Qa7 24. Rd1 Qb7 25. Rde1 Re8 26.
Nc3 Qxb4 27. h3 Nd7 28. Kh1 Qb6 29. Rd1 Nc5 30. Nc2 Qa5 31. Nd4 Nd3 32. e5
dxe5 33. Nc6 Qc5 34. Nxe5 Nxe5 35. fxe5 Bh6 36. Ne4 Qxe3 1-0

[Event "HZ Open"]
[Site "Vlissingen NED"]
[Date "2006.08.12"]
[Round "9"]
[White "Van Hecke,E"]
[Black "Koes,R"]
[Result "1-0"]
[WhiteElo "2156"]
[BlackElo "1988"]
[EventDate "2006.08.05"]

1. d4 Nf6 2. c4 g6 3. Nc3 Bg7 4. e4 d6 5. Nf3 O-O 6. Be2 e5 7. O-O Nc6 8.
d5 Ne7 9. b4 Nh5 10. Re1 f5 11. Ng5 Nf4 12. Bxf4 exf4 13. Rc1 fxe4 14.
Ncxe4 Nf5 15. c5 Be5 16. Bc4 Kg7 17. Nf3 Bf6 18. Rc2 g5 19. h3 h5 20. Nfxg5
Bxg5 21. Qxh5 Bh6 22. cxd6 cxd6 23. Bd3 Qe8 24. Rc7+ Rf7 25. Re2 Be6 26.
Nxd6 Nxd6 27. Qg6+ 1-0